| 000 -ლიდერი |
| ფიქსირებული სიგრძის საკონტროლო ველი |
01148nam a2200253Ia 4500 |
| 001 - საკონტროლო ნომერი |
| საკონტროლო ველი |
2307 |
| 003 - საკონტროლო ნომრის იდენტიფიკატორი |
| საკონტროლო ველი |
GE_BSU |
| 005 - ბოლო ოპერაციის თარიღი და დრო |
| საკონტროლო ველი |
20190530152734.0 |
| 008 - ფიქსირებული სიგრძის მონაცემთა ელემენტები - ზოგადი ინფორმაცია |
| ფიქსირებული სიგრძის საკონტროლო ველი |
181216s2011||||ge |||||||||||||| ||geo|| |
| 040 ## - კატალოგიზაციის წყარო |
| Transcribing agency |
GE_BSU |
| 041 ## - ენის კოდი |
| Language code of text/sound track or separate title |
geo |
| 080 ## - უნივერსალური ათობითი კლასიფიკაციის ინდექსი |
| Universal Decimal Classification number |
1+159.9 ფ–98 |
| 100 ## - მთავარი ჩანაწერი - პიროვნების სახელი |
| Personal name |
ფუტკარაძე, ცირა |
| 9 (RLIN) |
1842 |
| 245 ## - ცნობა სათაურის შესახებ |
| Title |
ქრისტიანი და მაჰმადიანი ქართველების ღირებულებები და ღირებულებითი ორიენტაციები : |
| Remainder of title |
ნაწ. 1 / |
| Statement of responsibility, etc |
ცირა ფუტკარაძე ; რედ. გული შერვაშიძე. |
| 264 ## - წარმოების, გამოცემის, დისტრიბუციის და სხვა ცნობები |
| გამოცემის, წარმოების, დისტრიბუციის... ადგილი |
ბათუმი : |
| გამოცემის, წარმოების, დისტრიბუციის... სახელწოდება |
"გამომცემლობა აჭარა", |
| გამოცემის, წარმოების, დისტრიბუციის... თარიღი |
2011. |
| 300 ## - ფიზიკური აღწერა |
| Extent |
111 გვ.; |
| Other physical details |
20 სმ. |
| 504 ## - BIBLIOGRAPHY, ETC. NOTE |
| Bibliography, etc |
ბიბლიოგრ.: გვ. 109-110. |
| 653 ## - INDEX TERM--UNCONTROLLED |
| Uncontrolled term |
რელიგია |
| 653 ## - INDEX TERM--UNCONTROLLED |
| Uncontrolled term |
ქრისტიანობა |
| 653 ## - INDEX TERM--UNCONTROLLED |
| Uncontrolled term |
მაჰმადიანობა |
| 700 ## - ADDED ENTRY--PERSONAL NAME |
| Personal name |
შერვაშიძე, გული |
| Relator term |
რედაქტორი |
| 9 (RLIN) |
1843 |
| 942 ## - ADDED ENTRY ELEMENTS (KOHA) |
| Koha item type |
წიგნი |
| Source of classification or shelving scheme |
|